|
|
|
|
| LEADER |
00000cam a2200000 7i4500 |
| 001 |
0000070056 |
| 005 |
20220105103841.0 |
| 008 |
170212 |
| 020 |
|
|
|a 1875846247
|
| 020 |
|
|
|a 9781875846245
|
| 090 |
0 |
0 |
|a JF
|b ENG
|
| 100 |
1 |
|
|a Faulkner, Keith
|
| 245 |
1 |
4 |
|a The wide-mouthed frog :
|b A pop-up book
|c Keith Faulkner; illustrated by Jonathan Lambert
|
| 260 |
|
|
|a Australia :
|b Koala Book Company ,
|c 1995
|
| 500 |
|
|
|a Children age 4-6 years old (yellow)
|
| 650 |
|
0 |
|a Junior preschool
|x English
|x Languages
|
| 999 |
|
|
|a 0000827812
|b Book
|c Children Collection
|e Cawangan Pontian
|
| 999 |
|
|
|a 0000827817
|b Book
|c Children Collection
|e Cawangan Bandar Penawar
|
| 999 |
|
|
|a 0000827818
|b Book
|c Children Collection
|e Cawangan Segamat
|